| 000 | 00625nam a2200181Ia 4500 | ||
|---|---|---|---|
| 005 | 20260429112042.0 | ||
| 008 | 260429s9999||||xx |||||||||||||| ||und|| | ||
| 020 | _a9789384640941 | ||
| 041 | _aHindi | ||
| 082 |
_a001.42 _bKOT |
||
| 100 | _aकोठारी, एल.एन. | ||
| 245 | 0 |
_aशोध पद्धति (Research methodology) : _bउपकरण और तकनीक / _cएल.एन. कोठारी |
|
| 250 | _a1st ed. | ||
| 260 |
_aदिल्ली : _bएकैडमिक पब्लिकेशन, _c2024. |
||
| 300 | _a317 p.; Hb | ||
| 650 | _aHindi Literary Research | ||
| 942 | _cTB | ||
| 999 |
_c52098 _d52098 |
||